000 00438 a2200169 4500
001 185792
020 _a85-286-0470-5
040 _cMagnum
100 _aHermann, Kai
240 1 0 _aEu, Christiane F., 13 anos, drogada, prostituída...
_lpor
245 1 0 _aEu, Christiane F., 13 anos, drogada, prostituída...
300 _a320
362 0 _a2002
440 1 _aBertrand Brasil
697 _aLITERATURA GERAL ESTRANGEIRA
942 _cBK
999 _c185792
_d185792